000 00480nam a2200169 i 4500
001 117906
003 ES-MaACL
005 20230906191007.0
007 t|
008 070214s1974 sp r ||||1| spa d
100 1 _aPapper, Solomon.
_988888
245 1 0 _aNefrología clínica /
_cSolomon Papper.
260 _aBarcelona [etc.] :
_bSalvat,
_c1974.
300 _aX, 451 p. :
_bil. ;
_c23 cm.
650 0 4 _aRiñones-
_xEnfermedades.
_916914
852 _aES-MaACL
_jE-6285
_bR.90676
999 _c117906
_d117906